[Event "ARG-ch sf 95th"]
[Site "Buenos Aires"]
[Date "2020.02.22"]
[Round "1"]
[White "Acosta, Cristian"]
[Black "Blit, Jacques"]
[Result "0-1"]
[WhiteElo "1998"]
[BlackElo "2343"]
[PlyCount "106"]
[EventDate "2020.02.22"]
[EventType "swiss"]
[EventRounds "9"]
[EventCountry "ARG"]
[SourceTitle "CBM 195 Extra"]
[Source "ChessBase"]
[SourceDate "2020.05.31"]
[SourceVersion "1"]
[SourceVersionDate "2020.05.31"]
[SourceQuality "1"]

1. d4 g6 2. c4 f5 3. Nc3 Nf6 4. Nf3 Bg7 5. Bf4 d6 6. e3 0-0 7. Be2 Nc6 8. 0-0 Nh5 9. d5 Ne5 10. Nd4 c5 11. Ne6 Bxe6 12. dxe6 Nxf4 13. exf4 Nc6 14. Bf3 Nd4 15. Rb1 Rb8 16. Bd5 a6 17. h4 b5 18. h5 gxh5 19. Qxh5 Rf6 20. Rfe1 Rh6 21. Qf7+ Kh8 22. Ne2 Rf6 23. Nxd4 Rxf7 24. Nc6 Rf8 25. Nxd8 Rfxd8 26. b3 Rb6 27. g3 bxc4 28. bxc4 Rdb8 29. Rxb6 Rxb6 30. Re3 a5 31. Rb3 Rb4 32. Ra3 a4 33. Bc6 Rxc4 34. Rxa4 Rc1+ 35. Kg2 Bd4 36. Bd5 Rc2 37. Ra7 Rxf2+ 38. Kh3 Bf6 39. a4 Rd2 40. Bc4 Rd4 41. Bb5 Rb4 42. Rc7 Kg7 43. Bd7 Rb2 44. Bb5 Ra2 45. Bc6 Ra3 46. Bb5 h5 47. Kg2 h4 48. gxh4 Bxh4 49. Rc8 Bg3 50. Re8 Kf6 51. Bd7 Bxf4 52. Rf8+ Ke5 53. Rg8 c4 0-1

[Event "San Luis Betania op 3rd"]
[Site "San Luis"]
[Date "2019.02.01"]
[Round "2"]
[White "Siracusa, Ivan Ernesto"]
[Black "Acosta, Cristian"]
[Result "1/2-1/2"]
[WhiteElo "1781"]
[BlackElo "2034"]
[PlyCount "126"]
[EventDate "2019.02.01"]
[EventType "swiss"]
[EventRounds "6"]
[EventCountry "ARG"]
[SourceTitle "EXT 2020"]
[Source "ChessBase"]
[SourceDate "2019.10.17"]
[SourceVersion "1"]
[SourceVersionDate "2019.10.17"]
[SourceQuality "1"]

1. c4 e5 2. Nc3 Nf6 3. g3 d5 4. d3 d4 5. Nb1 c5 6. Nf3 Nc6 7. Bg2 Be7 8. 0-0 0-0 9. a3 a6 10. Nbd2 Rb8 11. Rb1 Qc7 12. Ng5 b5 13. Nge4 Nxe4 14. Bxe4 Be6 15. b3 Qd7 16. cxb5 axb5 17. a4 f5 18. Bg2 bxa4 19. bxa4 Rxb1 20. Nxb1 c4 21. dxc4 Bxc4 22. Qc2 Bd5 23. Bxd5+ Qxd5 24. Ba3 e4 25. Rc1 Rb8 26. Bxe7 Nxe7 27. Na3 Rc8 28. Qb2 Rxc1+ 29. Qxc1 Kf7 30. Qc4 Qxc4 31. Nxc4 Ke6 32. f3 Nd5 33. fxe4 fxe4 34. Kf2 Nb4 35. Ke1 Kd5 36. Nb6+ Kc5 37. Nd7+ Kc4 38. Ne5+ Kb3 39. a5 Kc2 40. Nc4 d3 41. exd3 exd3 42. Nd2 g5 43. h4 h6 44. hxg5 hxg5 45. Ne4 Na6 46. Nd2 Nc5 47. Nf1 Na6 48. Nd2 Nb4 49. Ne4 Kc1 50. Nf2 Kc2 51. Ne4 g4 52. Nd2 Na6 53. Ne4 Nc5 54. Nf2 d2+ 55. Ke2 Ne4 56. Nd1 Nxg3+ 57. Kf2 Ne4+ 58. Ke2 Nc5 59. Ne3+ Kc1 60. Kf2 Ne4+ 61. Ke2 Nc5 62. Kf2 Ne4+ 63. Ke2 Nc5 1/2-1/2

[Event "Mendoza"]
[Site "Mendoza"]
[Date "2019.01.27"]
[Round "2.2"]
[White "Pereyra, Jonathan Leonel"]
[Black "Acosta, Cristian"]
[Result "1/2-1/2"]
[WhiteElo "1923"]
[BlackElo "1998"]
[PlyCount "60"]
[EventDate "2019.01.26"]
[EventType "tourn"]
[EventRounds "9"]
[EventCountry "ARG"]
[SourceTitle "EXT 2024"]
[Source "ChessBase"]
[SourceDate "2023.10.10"]
[SourceVersion "1"]
[SourceVersionDate "2023.10.10"]
[SourceQuality "1"]

1. f4 d5 2. Nf3 Bf5 3. d3 e6 4. g3 Nf6 5. Bg2 h6 6. 0-0 Nbd7 7. Qe1 Bc5+ 8. Kh1 0-0 9. Nc3 Bb4 10. Bd2 Bxc3 11. Bxc3 c5 12. Ne5 d4 13. Ba5 Qe7 14. Bxb7 Nxe5 15. Bxa8 Rxa8 16. fxe5 Qb7+ 17. Kg1 Ng4 18. Bd2 Nxe5 19. e4 dxe3 20. Qxe3 Qd5 21. Rf4 g5 22. Rxf5 exf5 23. Rf1 g4 24. Qxh6 Nf3+ 25. Kf2 Re8 26. Bc3 Nd4 27. Qg5+ Kf8 28. Qh6+ Kg8 29. Qg5+ Kf8 30. Qh6+ Kg8 1/2-1/2

[Event "ARG-ch sf U2300 Independencia"]
[Site "San Luis"]
[Date "2016.07.09"]
[Round "7.4"]
[White "Gimenez Aguirre, Ismael Alejo"]
[Black "Acosta, Cristian"]
[Result "1-0"]
[WhiteElo "1971"]
[BlackElo "1948"]
[PlyCount "77"]
[EventDate "2016.07.08"]
[EventType "swiss"]
[EventRounds "7"]
[EventCountry "ARG"]
[SourceTitle "EXT 2024"]
[Source "ChessBase"]
[SourceDate "2023.10.10"]
[SourceVersion "1"]
[SourceVersionDate "2023.10.10"]
[SourceQuality "1"]

1. e4 c5 2. Nf3 Nc6 3. Bb5 e6 4. 0-0 Nge7 5. Re1 a6 6. Bf1 d6 7. c3 g6 8. d4 Bg7 9. d5 Nb8 10. dxe6 Bxe6 11. Ng5 Nbc6 12. Nxe6 fxe6 13. g3 Qc7 14. Bh3 Nd8 15. Bf4 Nc8 16. Nd2 Qf7 17. Qe2 Bf8 18. a4 Be7 19. Rad1 g5 20. Be3 0-0 21. Rf1 h5 22. f4 g4 23. Bg2 Nb6 24. a5 Nc8 25. Nc4 Nc6 26. f5 e5 27. Bh6 Qf6 28. Bxf8 Bxf8 29. h3 Rb8 30. hxg4 b6 31. axb6 Nxb6 32. gxh5 Kh8 33. Ne3 Qg5 34. Ng4 Na4 35. Rd2 Na5 36. f6 Nc4 37. Qxc4 Qxd2 38. Qxa4 Rxb2 39. Nf2 1-0

[Event "ARG-ch sf U2300 Independencia"]
[Site "San Luis"]
[Date "2016.07.09"]
[Round "5.4"]
[White "Lopez, Luis"]
[Black "Acosta, Cristian"]
[Result "1-0"]
[WhiteElo "1923"]
[BlackElo "1948"]
[PlyCount "55"]
[EventDate "2016.07.08"]
[EventType "swiss"]
[EventRounds "7"]
[EventCountry "ARG"]
[SourceTitle "EXT 2024"]
[Source "ChessBase"]
[SourceDate "2023.10.10"]
[SourceVersion "1"]
[SourceVersionDate "2023.10.10"]
[SourceQuality "1"]

1. d4 Nf6 2. Nf3 d5 3. c4 e6 4. g3 Be7 5. Bg2 0-0 6. 0-0 Nbd7 7. Qc2 b6 8. cxd5 exd5 9. Rd1 Bb7 10. Nc3 c5 11. Bf4 Rc8 12. Rac1 a6 13. Qb1 Bc6 14. Ne5 cxd4 15. Nxc6 Rxc6 16. Nxd5 Rxc1 17. Qxc1 Nxd5 18. Bxd5 Nf6 19. Bf3 Qd7 20. Qc4 Rd8 21. Qxa6 b5 22. Qb7 Qe6 23. Qxb5 Qxa2 24. Be5 Qa7 25. Qc4 Bc5 26. e3 Nd7 27. Bxd4 Ne5 28. Bxe5 1-0

[Event "ARG-ch sf U2300 Independencia"]
[Site "San Luis"]
[Date "2016.07.08"]
[Round "1.9"]
[White "Romero, Sergio"]
[Black "Acosta, Cristian"]
[Result "0-1"]
[WhiteElo "1721"]
[BlackElo "1948"]
[PlyCount "98"]
[EventDate "2016.07.08"]
[EventType "swiss"]
[EventRounds "7"]
[EventCountry "ARG"]
[SourceTitle "EXT 2024"]
[Source "ChessBase"]
[SourceDate "2023.10.10"]
[SourceVersion "1"]
[SourceVersionDate "2023.10.10"]
[SourceQuality "1"]

1. e4 c5 2. Nf3 Nc6 3. d4 cxd4 4. Nxd4 Nf6 5. Nc3 e5 6. Ndb5 d6 7. Bg5 a6 8. Na3 b5 9. Nd5 Be7 10. Bxf6 Bxf6 11. c3 0-0 12. Be2 Bg5 13. 0-0 Ne7 14. Nc2 Nxd5 15. Qxd5 Be6 16. Qd3 f5 17. exf5 Bxf5 18. Qd5+ Kh8 19. Bd3 Bxd3 20. Qxd3 Qd7 21. Rad1 Rf6 22. Nb4 Raf8 23. Nd5 Rh6 24. Qe4 Rh4 25. Qe2 Qe6 26. Nc7 Qh6 27. h3 Bd8 28. Nd5 Qe6 29. Rd3 e4 30. Re1 Rf5 31. Qd2 Qf7 32. Rd4 Re5 33. Ne3 Be7 34. Nf1 d5 35. Rd1 Bc5 36. Ne3 Bxd4 37. Qxd4 Rg5 38. Qb6 h6 39. Qd8+ Kh7 40. Rxd5 Rxd5 41. Qxd5 Qxd5 42. Nxd5 Rh5 43. Nb4 a5 44. Nc6 a4 45. Nd4 Rd5 46. Kf1 b4 47. Ke2 a3 48. bxa3 bxc3 49. Ke3 Rxd4 0-1

[Event "Mendoza op"]
[Site "Mendoza"]
[Date "2014.11.21"]
[Round "2"]
[White "Acosta, Pablo Ismael"]
[Black "Acosta, Cristian"]
[Result "1-0"]
[WhiteElo "2314"]
[BlackElo "1904"]
[PlyCount "92"]
[EventDate "2014.11.21"]
[EventType "swiss"]
[EventRounds "7"]
[EventCountry "ARG"]
[SourceTitle "CBM 163 Extra"]
[Source "ChessBase"]
[SourceDate "2014.12.23"]
[SourceVersion "1"]
[SourceVersionDate "2014.12.23"]
[SourceQuality "1"]

1. c4 e5 2. g3 d5 3. cxd5 Qxd5 4. Nf3 Nf6 5. Nc3 Qa5 6. Bg2 c6 7. 0-0 Bf5 8. Qb3 Qc7 9. d4 Be6 10. Qc2 Nbd7 11. dxe5 Nxe5 12. Nd4 Bd7 13. Bf4 Bd6 14. Rad1 0-0 15. Nf5 Bxf5 16. Qxf5 Nc4 17. Bg5 Be5 18. Bxf6 Bxf6 19. Be4 Rfd8 20. Qxh7+ Kf8 21. Rd3 Nxb2 22. Rf3 Nc4 23. Bd3 Ne5 24. Re3 g6 25. Ne4 Bg7 26. Ng5 Nxd3 27. exd3 Rd5 28. Qxg6 fxg6 29. Ne6+ Kf7 30. Nxc7 Rad8 31. Nxd5 Rxd5 32. Rb1 b5 33. Kf1 a5 34. Ke2 b4 35. Re4 c5 36. Kd2 Rf5 37. f4 Rd5 38. Kc2 Bc3 39. g4 Rd8 40. Rf1 Rh8 41. Rf2 Bd4 42. Rfe2 Rh4 43. g5 a4 44. Re7+ Kg8 45. f5 gxf5 46. Rd7 Rg4 1-0